000 00500cam a2200157 a 4500
020 _a0872627667
082 0 0 _a624.1762
_bSEL
_cL-39, P-186
100 1 _aHousner, G. W.
_947361
245 1 0 _aSelected earthquake engineering papers of George W. Housner.
260 _aNew York, N.Y. :
_bAmerican Society of Civil Engineers,
_cc1990.
300 _a783 p. :
_bill. ;
_c23 cm.
526 _a0
_b0
_c0
_d624_176200000000000_SEL
650 0 _aEarthquake engineering.
650 0 _aMCE
_9379
942 _2ddc
_cBK
999 _c550631
_d550631